000
00319nam a2200121Ia 4500
005
20251222141801.0
008
251222s9999||||xx |||||||||||||| ||spa||
082
_a
323.46/F28
100
_a
Faúndez, Julio
245
0
_a
Acciones Positivas en el Empleo y la Ocupación:
264
_b
Defensoría del Pueblo
942
_c
LIB
999
_c
6170
_d
6170